[Event "Accession B 2019/2020"]
[Site "Vitrolles"]
[Date "2020.01.25"]
[Round "6"]
[White "Bouton, Come"]
[Black "Bui, Christopher"]
[Result "0-1"]
[WhiteElo "1699"]
[BlackElo "1821"]
[PlyCount "116"]
[EventDate "2020.??.??"]

1. e4 c5 2. Nf3 d6 3. d4 cxd4 4. Nxd4 Nf6 5. Nc3 a6 6. h3 e5 7. Nde2 Be7 8. g4
Be6 9. Bg2 h6 10. Be3 Nbd7 11. Qd2 Nb6 12. Bxb6 Qxb6 13. O-O O-O 14. Ng3 Rac8
15. Rab1 Rc7 16. Nf5 Bxf5 17. exf5 Rfc8 18. h4 d5 19. g5 d4 20. Na4 Qb5 21.
gxf6 Bxf6 22. b3 Rxc2 23. Qd1 d3 24. Be4 Qb4 25. Qxd3 Rd2 26. Qf3 Bxh4 27. Rb2
Rd4 28. Re2 b5 29. Nb2 Rc3 30. Nd3 Qd6 31. Rd1 Bg5 32. Kg2 Bf4 33. Ree1 Bg5 34.
Qe2 Qc7 35. Nb2 Rc1 36. Rxc1 Bxc1 37. Nd3 Bg5 38. Rd1 Qc3 39. Re1 Bd2 40. Rd1
Bg5 41. Qe1 Qc2 42. Kf3 Bf4 43. b4 Rxe4 44. Qxe4 Qxd1+ 45. Kg2 Qc2 46. Qd5 Qc4
47. Qd7 Qe4+ 48. Kg1 Qe2 49. Qe8+ Kh7 50. Nxf4 Qd1+ 51. Kh2 exf4 52. Qxf7 Qg4
53. f3 Qg3+ 54. Kh1 Qxf3+ 55. Kg1 Qg3+ 56. Kf1 f3 57. Qg6+ Qxg6 58. fxg6+ Kxg6
0-1

[Event "Accession B 2019/2020"]
[Site "Vitrolles"]
[Date "2020.01.25"]
[Round "6"]
[White "Pinto, Axel"]
[Black "Vialette, Eric"]
[Result "1-0"]
[WhiteElo "1722"]
[BlackElo "1642"]
[PlyCount "83"]
[EventDate "2020.??.??"]

1. e4 d5 2. exd5 Nf6 3. d4 Bg4 4. Bb5+ Nbd7 5. f3 Bf5 6. c4 a6 7. Ba4 b5 8.
cxb5 Nxd5 9. bxa6 e6 10. Ne2 Bd6 11. O-O O-O 12. Nbc3 Rxa6 13. Nxd5 exd5 14.
Bf4 Bxf4 15. Nxf4 Rd6 16. Bc2 Qf6 17. Bxf5 Qxf5 18. Qd2 g5 19. Nh3 Rg6 20. Rac1
c6 21. Rc3 Re8 22. Rfc1 Ree6 23. Nf2 h5 24. h3 Qf6 25. a4 Qe7 26. Kf1 Qd6 27.
Rxc6 Qxc6 28. Rxc6 Rxc6 29. a5 Kh7 30. b4 g4 31. hxg4 hxg4 32. Nxg4 f5 33. Ne5
Nxe5 34. dxe5 Rh6 35. Qxd5 Rc1+ 36. Kf2 Rc2+ 37. Kg3 Rg6+ 38. Kf4 Rcxg2 39.
Qf7+ Rg7 40. Qxf5+ R2g6 41. e6 Kg8 42. e7 1-0

[Event "Accession B 2019/2020"]
[Site "Vitrolles"]
[Date "2020.01.25"]
[Round "6"]
[White "Piat, Jean-Pascal"]
[Black "Battaglia, Gerard"]
[Result "0-1"]
[WhiteElo "1692"]
[BlackElo "1786"]
[PlyCount "66"]
[EventDate "2020.??.??"]

1. d4 Nf6 2. Nc3 d5 3. e4 Nxe4 4. Nxe4 dxe4 5. f3 Bf5 6. Bc4 Nc6 7. c3 e6 8.
Qe2 exf3 9. Nxf3 Be7 10. Bb5 O-O 11. Bxc6 bxc6 12. Be3 Qc8 13. O-O Qb7 14. b3
Rfd8 15. Rad1 Bf6 16. Ne5 Bxe5 17. dxe5 Rd5 18. Rxd5 cxd5 19. h4 c6 20. Qf3 Qe7
21. Qg3 c5 22. Bg5 Qf8 23. h5 d4 24. cxd4 cxd4 25. Qh4 Qc5 26. Be7 Qxe5 27. Re1
Qa5 28. Qg3 Qc3 29. Qh4 d3 30. h6 d2 31. Rf1 Qe3+ 32. Qf2 Qxf2+ 33. Kxf2 Bg4
0-1

[Event "Accession B 2019/2020"]
[Site "Vitrolles"]
[Date "2020.01.25"]
[Round "6"]
[White "Montanelli, Tristan"]
[Black "Derien, Robert"]
[Result "1-0"]
[WhiteElo "1590"]
[BlackElo "1519"]
[PlyCount "83"]
[EventDate "2020.??.??"]

1. Nf3 d5 2. g3 Nc6 3. d4 Nf6 4. Bg2 g6 5. O-O Bg7 6. Nc3 O-O 7. Ne5 Bf5 8.
Nxc6 bxc6 9. Na4 Nd7 10. f3 e5 11. e4 dxe4 12. fxe4 Be6 13. d5 cxd5 14. exd5
Bf5 15. g4 Qh4 16. gxf5 Qxa4 17. d6 c6 18. Be3 Rab8 19. b3 Qa6 20. c3 Rbd8 21.
Rf2 Nf6 22. c4 Qa3 23. c5 Nd7 24. Qc1 Qb4 25. Rb1 Qg4 26. fxg6 hxg6 27. Qd1 Nf6
28. Qf3 e4 29. Qf4 Rfe8 30. Qg5 Re5 31. Qxe5 Nd5 32. Qg5 Qe6 33. Qxd8+ Kh7 34.
Qh4+ Kg8 35. Re1 Nxe3 36. Rxe3 Bd4 37. Qxe4 Bxe3 38. Qxe6 Bxf2+ 39. Kxf2 fxe6
40. Bxc6 Kf7 41. Kf3 a6 42. a3 1-0

[Event "Accession B 2019/2020"]
[Site "Vitrolles"]
[Date "2020.02.08"]
[Round "7"]
[White "Battaglia, Gerard"]
[Black "Emilbekov, Bektogul"]
[Result "0-1"]
[WhiteElo "1786"]
[BlackElo "1725"]
[PlyCount "80"]
[EventDate "2020.??.??"]

1. d4 c6 2. c4 d5 3. Nf3 Nf6 4. Nc3 a6 5. a4 g6 6. e3 Bg7 7. Qb3 b6 8. Be2 O-O
9. O-O Bg4 10. h3 Bf5 11. Nd2 h5 12. cxd5 cxd5 13. Bf3 e6 14. Qa3 Nc6 15. b4
Re8 16. Bb2 Bf8 17. Na2 a5 18. Bc3 Qe7 19. Qb3 axb4 20. Bb2 Na5 21. Qd1 Rec8
22. Nc1 Rc2 23. Ra2 Rac8 24. Ndb3 h4 25. Nxa5 bxa5 26. Nb3 Ne4 27. Bxe4 Bxe4
28. Nc5 R8xc5 29. dxc5 Qg5 30. Qg4 Qxg4 31. hxg4 b3 32. Raa1 Rxb2 33. Rac1 Rc2
34. c6 Bd6 35. f3 Bd3 36. Rfd1 b2 37. Rb1 Ba6 38. f4 Ba3 39. Kh2 Rxc6 40. Kh3
Rc1 0-1

[Event "Accession B 2019/2020"]
[Site "Vitrolles"]
[Date "2020.02.08"]
[Round "7"]
[White "Vialette, Eric"]
[Black "Bouton, Come"]
[Result "0-1"]
[WhiteElo "1642"]
[BlackElo "1699"]
[PlyCount "52"]
[EventDate "2020.??.??"]

1. e4 c5 2. Nc3 Nc6 3. f4 g6 4. Nf3 Bg7 5. Bc4 e6 6. O-O Nge7 7. a3 O-O 8. Ba2
d5 9. e5 Nf5 10. Ne2 h5 11. Qe1 b6 12. h4 f6 13. exf6 Bxf6 14. Ng5 Bxg5 15.
fxg5 Ncd4 16. Bb1 Kh7 17. Nxd4 Nxd4 18. b3 Ba6 19. d3 Qd6 20. Rxf8 Rxf8 21. Bb2
Qf4 22. Ra2 Qg4 23. Bxd4 Qxd4+ 24. Kh2 Rf2 25. c3 Qxh4+ 26. Kg1 Rxg2+ 0-1

[Event "Accession B 2019/2020"]
[Site "Vitrolles"]
[Date "2020.02.08"]
[Round "7"]
[White "Girard, Jean-Pierre"]
[Black "Pinto, Axel"]
[Result "0-1"]
[WhiteElo "1733"]
[BlackElo "1722"]
[PlyCount "95"]
[EventDate "2020.??.??"]

1. e4 c5 2. Nf3 d6 3. d4 cxd4 4. Nxd4 Nf6 5. Nc3 a6 6. Be2 e5 7. Nb3 Be7 8. Be3
Be6 9. O-O O-O 10. f4 exf4 11. Bxf4 Nc6 12. Kh1 Rc8 13. Nd4 Nxd4 14. Qxd4 Ne8
15. Rad1 Qa5 16. Qe3 Bf6 17. Bxd6 Nxd6 18. Rxf6 gxf6 19. Rxd6 Rfd8 20. Rxd8+
Rxd8 21. h4 Qe5 22. Bd3 Kh8 23. Ne2 Qxb2 24. c3 Qa3 25. e5 Qe7 26. Nd4 f5 27.
g3 Rg8 28. Bxf5 Bxf5 29. Nxf5 Qe6 30. Qf4 Qd5+ 31. Kh2 Qxa2+ 32. Kh3 Qe6 33. g4
Rd8 34. Nd4 Qg6 35. h5 Qg7 36. Nf5 Qf8 37. Nh6 Rd3+ 38. Kh4 Qe7+ 39. g5 Qe6 40.
Ng4 Rxc3 41. Qb4 Qc8 42. e6 Rc4 43. Qb2+ Kg8 44. exf7+ Kxf7 45. Qf6+ Kg8 46.
Qf3 Qxg4+ 47. Qxg4 Rxg4+ 48. Kxg4 0-1

[Event "Accession B 2019/2020"]
[Site "Vitrolles"]
[Date "2020.02.08"]
[Round "7"]
[White "Derien, Robert"]
[Black "Piat, Jean-Pascal"]
[Result "0-1"]
[WhiteElo "1519"]
[BlackElo "1692"]
[PlyCount "80"]
[EventDate "2020.??.??"]

1. e4 d5 2. exd5 Qxd5 3. Nc3 Qd6 4. d4 a6 5. Be2 Nf6 6. Nf3 e6 7. Bg5 Nbd7 8.
Bh4 b5 9. Bg3 Qb6 10. a3 Bb7 11. O-O Rd8 12. b4 Be7 13. Bd3 O-O 14. Qe2 Bxf3
15. Qxf3 Qxd4 16. Ne2 Qb6 17. Bf4 c5 18. Qg3 Ne8 19. Qh3 Ndf6 20. Be3 Qc7 21.
bxc5 Bxc5 22. Bg5 Rd5 23. Bf4 Bd6 24. Bxd6 Qxd6 25. g3 Qb6 26. Rab1 Qa5 27. Rb4
g6 28. Nf4 Rd6 29. Rb3 e5 30. Ng2 Nc7 31. Re1 Re8 32. Rb4 Qxa3 33. Qh4 e4 34.
Rbxe4 Nxe4 35. Bxe4 Qb4 36. Qg4 Rde6 37. f3 f5 38. Bxf5 Rxe1+ 39. Nxe1 Qxg4 40.
Bxg4 Rxe1+ 0-1

[Event "Accession B 2019/2020"]
[Site "Vitrolles"]
[Date "2020.02.08"]
[Round "7"]
[White "Bui, Christopher"]
[Black "Montanelli, Tristan"]
[Result "1-0"]
[WhiteElo "1821"]
[BlackElo "1590"]
[PlyCount "59"]
[EventDate "2020.??.??"]

1. c4 e5 2. g3 h5 3. h4 Nc6 4. Bg2 Bc5 5. Nf3 d6 6. Nc3 Bg4 7. O-O Nge7 8. a3
a5 9. d3 Qd7 10. Nb5 Na7 11. Nxa7 Bxa7 12. Qb3 Rb8 13. Qc3 Nf5 14. Kh2 Qe7 15.
Qxa5 Bb6 16. Qb5+ Kf8 17. Ng5 Nd4 18. Qa4 f6 19. Nf3 Nxe2 20. Be3 Bxe3 21. fxe3
e4 22. dxe4 Qxe4 23. Rae1 Nxg3 24. Kxg3 Bxf3 25. Bxf3 Qe5+ 26. Kg2 Rh6 27. Qc2
f5 28. Be4 Rg6+ 29. Kh1 Qg3 30. Qh2 1-0

[Event "Accession B 2019/2020"]
[Site "Vitrolles"]
[Date "2020.03.07"]
[Round "8"]
[White "Emilbekov, Bektogul"]
[Black "Pinto, Axel"]
[Result "1-0"]
[WhiteElo "1784"]
[BlackElo "1696"]
[PlyCount "53"]
[EventDate "2020.??.??"]

1. d4 d5 2. Nf3 Nf6 3. e3 Bf5 4. c4 e6 5. Qb3 b6 6. cxd5 exd5 7. Ne5 a6 8. Nc3
Be7 9. Be2 O-O 10. O-O Qd6 11. Bf3 Rd8 12. Qa4 Nbd7 13. Nc6 b5 14. Nxe7+ Qxe7
15. Qd1 Nb6 16. b3 Rac8 17. Ne2 h5 18. Bb2 h4 19. h3 Qd7 20. Nf4 g5 21. Nd3 Kh8
22. Ne5 Qe6 23. Rc1 Nbd7 24. Rc6 Qe7 25. Bh5 Nxe5 26. dxe5 Ng8 27. Qf3 1-0

[Event "Accession B 2019/2020"]
[Site "Vitrolles"]
[Date "2020.03.07"]
[Round "8"]
[White "Bouton, Come"]
[Black "Girard, Jean-Pierre"]
[Result "1-0"]
[WhiteElo "1739"]
[BlackElo "1700"]
[PlyCount "47"]
[EventDate "2020.??.??"]

1. e4 c5 2. Nf3 d6 3. d4 cxd4 4. Nxd4 Nf6 5. Nc3 a6 6. h3 e6 7. g4 Be7 8. Bg2
h6 9. Be3 Nbd7 10. Qe2 Qc7 11. O-O-O Nb6 12. f4 Nc4 13. Bf2 Rb8 14. h4 e5 15.
Nf5 Bxf5 16. exf5 b5 17. g5 Nd7 18. Nd5 Qa5 19. Kb1 Rc8 20. Be1 Qd8 21. Bg3 a5
22. fxe5 dxe5 23. f6 gxf6 24. Bh3 1-0

[Event "Accession B 2019/2020"]
[Site "Vitrolles"]
[Date "2020.03.07"]
[Round "8"]
[White "Piat, Jean-Pascal"]
[Black "Bui, Christopher"]
[Result "0-1"]
[WhiteElo "1689"]
[BlackElo "1815"]
[PlyCount "70"]
[EventDate "2020.??.??"]

1. d4 Nf6 2. Nc3 d5 3. e4 Nxe4 4. Nxe4 dxe4 5. Bc4 Nc6 6. c3 e5 7. Qb3 Qf6 8.
d5 Bc5 9. Qc2 Bf5 10. Be3 Bxe3 11. fxe3 Ne7 12. O-O-O O-O-O 13. Qf2 Qb6 14. Bb3
Rd6 15. h3 Rf6 16. Qg3 Bg6 17. Qxe5 Qxe3+ 18. Kb1 Qc5 19. Ne2 Rf2 20. Nf4 Bf5
21. g4 f6 22. Ne6 fxe5 23. Nxc5 Bg6 24. d6 cxd6 25. Rxd6 Rhf8 26. a4 e3+ 27.
Ka2 Rd2 28. Be6+ Kc7 29. Rd7+ Kc6 30. Rxe7 e2 31. Re1 Kxc5 32. Bf5 Bf7+ 33. Ka3
Rd1 34. Rxe5+ Bd5 35. R1xe2 Ra1# 0-1

[Event "Accession B 2019/2020"]
[Site "Vitrolles"]
[Date "2020.03.07"]
[Round "8"]
[White "Montanelli, Tristan"]
[Black "Vialette, Eric"]
[Result "0-1"]
[WhiteElo "1621"]
[BlackElo "1583"]
[PlyCount "104"]
[EventDate "2020.??.??"]

1. Nf3 d5 2. c4 c6 3. e3 Bg4 4. Nc3 e6 5. cxd5 exd5 6. Be2 Bd6 7. h3 Bh5 8. b3
Nd7 9. Bb2 Qa5 10. O-O Ba3 11. Qc1 Bxb2 12. Qxb2 Ngf6 13. b4 Qc7 14. Rac1 O-O
15. Qb3 Qd6 16. Rfd1 Rac8 17. d3 Rfe8 18. Rc2 h6 19. Rdc1 a6 20. a4 Qb8 21. Nb1
g5 22. g4 Bg6 23. Nbd2 h5 24. Nh2 Kg7 25. Ndf1 Rh8 26. Qb2 Kg8 27. Kg2 hxg4 28.
Bxg4 Nxg4 29. Nxg4 Bxd3 30. Rd2 Bg6 31. Nf6+ Nxf6 32. Qxf6 Re8 33. Qxg5 Rh5 34.
Qg3 Qc8 35. Qg4 Qd8 36. f4 Kg7 37. Ng3 Rh7 38. f5 Rh4 39. Qf3 Bh7 40. Rg1 Kh8
41. e4 Qg5 42. Qc3+ f6 43. Kh2 Qh6 44. Nh1 Rhxe4 45. Nf2 Re3 46. Qd4 R8e4 47.
Qb2 Bxf5 48. Rg3 Rxg3 49. Kxg3 Re3+ 50. Kg2 Bxh3+ 51. Nxh3 Qxh3+ 52. Kg1 Rg3+
0-1

[Event "Accession B 2019/2020"]
[Site "Vitrolles"]
[Date "2020.03.07"]
[Round "8"]
[White "Battaglia, Gerard"]
[Black "Derien, Robert"]
[Result "1-0"]
[WhiteElo "1763"]
[BlackElo "1478"]
[PlyCount "99"]
[EventDate "2020.??.??"]

1. d4 Nf6 2. c4 e5 3. dxe5 Ng4 4. Nf3 Nc6 5. Bf4 Bb4+ 6. Nbd2 Qe7 7. e3 Ngxe5
8. Nxe5 Nxe5 9. Be2 c6 10. O-O O-O 11. Nb3 Qf6 12. c5 d6 13. Qd4 Bxc5 14. Nxc5
Nf3+ 15. Bxf3 Qxd4 16. exd4 dxc5 17. dxc5 Re8 18. b4 a5 19. a3 a4 20. Rfe1 Be6
21. Re3 Rad8 22. Rae1 Rd4 23. Bd6 Rc4 24. Bd1 Ra8 25. Bc7 Rc1 26. Ba5 Kf8 27.
Bxa4 Rxe1+ 28. Rxe1 Ke7 29. Bb3 Kf6 30. Bxe6 fxe6 31. Re3 Rc8 32. Bb6 e5 33. a4
Kf5 34. Rd3 Ra8 35. a5 Ke6 36. Bc7 Rc8 37. Bd6 Re8 38. Bxe5 Kf5 39. Bc3 Re2 40.
Kf1 Rc2 41. Bxg7 h5 42. Rb3 h4 43. Bd4 Ke4 44. Be3 Kd5 45. Rb1 Ke4 46. Rd1 Rc4
47. Bd2 Kd3 48. Be1+ Ke4 49. Rd7 h3 50. g3 1-0